<?xml version="1.0" encoding="UTF-8"?>
<record
    xmlns:xsi="http://www.w3.org/2001/XMLSchema-instance"
    xsi:schemaLocation="http://www.loc.gov/MARC21/slim http://www.loc.gov/standards/marcxml/schema/MARC21slim.xsd"
    xmlns="http://www.loc.gov/MARC21/slim">

  <leader>02971njm a2200541Ia 4500</leader>
  <controlfield tag="001">25576</controlfield>
  <controlfield tag="003">IT-RoPAU</controlfield>
  <controlfield tag="005">20220918181157.0</controlfield>
  <controlfield tag="008">131025s9999    xx            000 0 und d</controlfield>
  <datafield tag="040" ind1=" " ind2=" ">
    <subfield code="a">IT-RoPAU</subfield>
  </datafield>
  <datafield tag="040" ind1=" " ind2=" ">
    <subfield code="c">IT-RoPAU</subfield>
  </datafield>
  <datafield tag="999" ind1=" " ind2=" ">
    <subfield code="c">102681</subfield>
    <subfield code="d">102681</subfield>
  </datafield>
  <datafield tag="999" ind1=" " ind2=" ">
    <subfield code="b">n.d.</subfield>
  </datafield>
  <datafield tag="100" ind1=" " ind2=" ">
    <subfield code="a">AA.VV.</subfield>
    <subfield code="9">794</subfield>
  </datafield>
  <datafield tag="100" ind1=" " ind2=" ">
    <subfield code="e">Autore musica</subfield>
    <subfield code="9">12044</subfield>
  </datafield>
  <datafield tag="100" ind1=" " ind2=" ">
    <subfield code="g">Codice autore musica SPICS: 12000</subfield>
    <subfield code="9">796</subfield>
  </datafield>
  <datafield tag="245" ind1=" " ind2=" ">
    <subfield code="a">Mantovani e la sua orchestra</subfield>
  </datafield>
  <datafield tag="250" ind1=" " ind2=" ">
    <subfield code="a">1a ed.</subfield>
  </datafield>
  <datafield tag="260" ind1=" " ind2=" ">
    <subfield code="a">LONDON</subfield>
  </datafield>
  <datafield tag="260" ind1=" " ind2=" ">
    <subfield code="b">DECCA RECORD COMPANY</subfield>
  </datafield>
  <datafield tag="300" ind1=" " ind2=" ">
    <subfield code="a">DISCO</subfield>
  </datafield>
  <datafield tag="500" ind1=" " ind2=" ">
    <subfield code="a">Musica strumentale. Arrangiamento </subfield>
  </datafield>
  <datafield tag="505" ind1=" " ind2=" ">
    <subfield code="a">Anema e core - Fascination - El relicario - Stardust - Red Roses For A Blue Lady - Smile - More - Strangers in the Night - I Left My Heart In San Francisco - Ebb Tide - Greensleeves - La paloma</subfield>
  </datafield>
  <datafield tag="511" ind1=" " ind2=" ">
    <subfield code="a">Mantovani and his Orchestra</subfield>
  </datafield>
  <datafield tag="650" ind1=" " ind2=" ">
    <subfield code="a">STRUMENTALE [DISCHI]</subfield>
    <subfield code="e">Codice MATERIA SPICS: 9950</subfield>
    <subfield code="9">828</subfield>
  </datafield>
  <datafield tag="700" ind1=" " ind2=" ">
    <subfield code="a">Mantovani </subfield>
    <subfield code="g">Codice interprete SPICS: 4231</subfield>
    <subfield code="e">Interprete</subfield>
    <subfield code="9">12045</subfield>
  </datafield>
  <datafield tag="700" ind1=" " ind2=" ">
    <subfield code="a">Manlio Tito</subfield>
    <subfield code="g">Codice autore musica SPICS: 13497</subfield>
    <subfield code="e">Autore musica</subfield>
    <subfield code="p">Anema e core</subfield>
    <subfield code="9">12046</subfield>
  </datafield>
  <datafield tag="700" ind1=" " ind2=" ">
    <subfield code="a">D'Esposito S.</subfield>
    <subfield code="g">Codice autore SPICS: 14017</subfield>
    <subfield code="e">Autore</subfield>
    <subfield code="p">Anema e core</subfield>
    <subfield code="9">12047</subfield>
  </datafield>
  <datafield tag="700" ind1=" " ind2=" ">
    <subfield code="a">Marchetti Gianni</subfield>
    <subfield code="g">Codice autore musica SPICS: 11622</subfield>
    <subfield code="e">Autore musica</subfield>
    <subfield code="p">Fascination</subfield>
    <subfield code="9">12048</subfield>
  </datafield>
  <datafield tag="700" ind1=" " ind2=" ">
    <subfield code="a">Manning</subfield>
    <subfield code="g">Codice autore SPICS: 15828</subfield>
    <subfield code="e">Autore</subfield>
    <subfield code="p">Fascination</subfield>
    <subfield code="9">12049</subfield>
  </datafield>
  <datafield tag="700" ind1=" " ind2=" ">
    <subfield code="a">Padilla</subfield>
    <subfield code="g">Codice autore musica SPICS: 14011</subfield>
    <subfield code="e">Autore musica</subfield>
    <subfield code="p">El relicario</subfield>
    <subfield code="9">12050</subfield>
  </datafield>
  <datafield tag="700" ind1=" " ind2=" ">
    <subfield code="a">Oliveros</subfield>
    <subfield code="g">Codice autore SPICS: 15829</subfield>
    <subfield code="e">Autore</subfield>
    <subfield code="p">El relicario</subfield>
    <subfield code="9">12051</subfield>
  </datafield>
  <datafield tag="700" ind1=" " ind2=" ">
    <subfield code="a">Carmichael Hoagy</subfield>
    <subfield code="g">Codice autore musica SPICS: 10736</subfield>
    <subfield code="e">Autore musica</subfield>
    <subfield code="p">Stardust</subfield>
    <subfield code="9">12052</subfield>
  </datafield>
  <datafield tag="700" ind1=" " ind2=" ">
    <subfield code="a">Tepper</subfield>
    <subfield code="g">Codice autore musica SPICS: 15830</subfield>
    <subfield code="e">Autore musica</subfield>
    <subfield code="p">Red Roses For A Blue Lady</subfield>
    <subfield code="9">12053</subfield>
  </datafield>
  <datafield tag="700" ind1=" " ind2=" ">
    <subfield code="a">Brodsky</subfield>
    <subfield code="g">Codice autore SPICS: 15831</subfield>
    <subfield code="e">Autore</subfield>
    <subfield code="p">Red Roses For A Blue Lady</subfield>
    <subfield code="9">12054</subfield>
  </datafield>
  <datafield tag="700" ind1=" " ind2=" ">
    <subfield code="a">Chaplin Charlie (Charlot)</subfield>
    <subfield code="g">Codice autore musica SPICS: 8134</subfield>
    <subfield code="e">Autore musica</subfield>
    <subfield code="p">Smile</subfield>
    <subfield code="9">12055</subfield>
  </datafield>
  <datafield tag="700" ind1=" " ind2=" ">
    <subfield code="a">Turner Joe</subfield>
    <subfield code="g">Codice autore SPICS: 15797</subfield>
    <subfield code="e">Autore</subfield>
    <subfield code="p">Smile</subfield>
    <subfield code="9">12056</subfield>
  </datafield>
  <datafield tag="700" ind1=" " ind2=" ">
    <subfield code="a">Oliviero Nino</subfield>
    <subfield code="g">Codice autore musica SPICS: 14018</subfield>
    <subfield code="e">Autore musica</subfield>
    <subfield code="p">More</subfield>
    <subfield code="9">12057</subfield>
  </datafield>
  <datafield tag="700" ind1=" " ind2=" ">
    <subfield code="a">Ortolani Riz</subfield>
    <subfield code="g">Codice autore SPICS: 11049</subfield>
    <subfield code="e">Autore</subfield>
    <subfield code="p">More</subfield>
    <subfield code="9">12058</subfield>
  </datafield>
  <datafield tag="700" ind1=" " ind2=" ">
    <subfield code="a">Snyder E.</subfield>
    <subfield code="g">Codice autore musica SPICS: 14485</subfield>
    <subfield code="e">Autore musica</subfield>
    <subfield code="p">Strangers in the Night</subfield>
    <subfield code="9">12059</subfield>
  </datafield>
  <datafield tag="700" ind1=" " ind2=" ">
    <subfield code="a">Kaempfert Bert</subfield>
    <subfield code="g">Codice autore SPICS: 8041</subfield>
    <subfield code="e">Autore</subfield>
    <subfield code="p">Strangers in the Night</subfield>
    <subfield code="9">12060</subfield>
  </datafield>
  <datafield tag="700" ind1=" " ind2=" ">
    <subfield code="a">Cross Lowell</subfield>
    <subfield code="g">Codice autore musica SPICS: 7682</subfield>
    <subfield code="e">Autore musica</subfield>
    <subfield code="p">I Left My Heart In San Francisco</subfield>
    <subfield code="9">12061</subfield>
  </datafield>
  <datafield tag="700" ind1=" " ind2=" ">
    <subfield code="a">Cory</subfield>
    <subfield code="g">Codice autore SPICS: 7776</subfield>
    <subfield code="e">Autore</subfield>
    <subfield code="p">I Left My Heart In San Francisco</subfield>
    <subfield code="9">12062</subfield>
  </datafield>
  <datafield tag="700" ind1=" " ind2=" ">
    <subfield code="a">Maxwell</subfield>
    <subfield code="g">Codice autore musica SPICS: 14403</subfield>
    <subfield code="e">Autore musica</subfield>
    <subfield code="p">Ebb Tide</subfield>
    <subfield code="9">12063</subfield>
  </datafield>
  <datafield tag="700" ind1=" " ind2=" ">
    <subfield code="a">Sigman C.</subfield>
    <subfield code="g">Codice autore SPICS: 14404</subfield>
    <subfield code="e">Autore</subfield>
    <subfield code="p">Ebb Tide</subfield>
    <subfield code="9">12064</subfield>
  </datafield>
  <datafield tag="700" ind1=" " ind2=" ">
    <subfield code="a">Anonimo</subfield>
    <subfield code="g">Codice autore musica SPICS: 2620</subfield>
    <subfield code="e">Autore musica</subfield>
    <subfield code="p">Greensleeves</subfield>
    <subfield code="9">12065</subfield>
  </datafield>
  <datafield tag="700" ind1=" " ind2=" ">
    <subfield code="a">Yradier</subfield>
    <subfield code="g">Codice autore musica SPICS: 15687</subfield>
    <subfield code="e">Autore musica</subfield>
    <subfield code="p">La paloma</subfield>
    <subfield code="9">12066</subfield>
  </datafield>
  <datafield tag="942" ind1=" " ind2=" ">
    <subfield code="c">MD</subfield>
    <subfield code="2">ddc</subfield>
  </datafield>
  <datafield tag="952" ind1=" " ind2=" ">
    <subfield code="0">0</subfield>
    <subfield code="1">0</subfield>
    <subfield code="4">0</subfield>
    <subfield code="6">25576_000000000000000</subfield>
    <subfield code="7">1</subfield>
    <subfield code="a">SPICS</subfield>
    <subfield code="b">SPICS</subfield>
    <subfield code="d">2013-10-25</subfield>
    <subfield code="l">0</subfield>
    <subfield code="o">25576</subfield>
    <subfield code="r">2013-10-25 00:00:00</subfield>
    <subfield code="w">2013-10-25</subfield>
    <subfield code="y">MD</subfield>
    <subfield code="z">Progr. Ins.: 5450 / N.Vol.: 1 / Copie: 1 - Copia rara: n.d. / date import: 01.01.2014 - By Epidotti, Trombetti, Vaglietti</subfield>
  </datafield>
</record>
